Hozier - Through Me (The Flood) (Lyrics) - Statistics

General Stats
  • This quiz has been taken 74 times
  • The average score is 283 of 328
Answer Stats
Answer % Correct
me
100%
on
100%
the
100%
The
100%
through
100%
a
98%
I
98%
like
98%
Like
98%
man
98%
see
98%
and
96%
And
96%
He
96%
he
96%
his
96%
it
96%
It
96%
time
96%
world
96%
world,
96%
again
94%
before
94%
he's
94%
my
94%
My
94%
of
94%
Of
94%
out
94%
Out
94%
that
94%
That
94%
when
94%
Against
91%
done
91%
Every
91%
form
91%
I'd
91%
life
91%
shore
91%
struggling
91%
to
91%
Will
91%
will
91%
you
91%
burn
89%
go
89%
measure
89%
Measure
89%
Picture
89%
Seen
89%
seen
89%
try
89%
at
87%
At
87%
burns
87%
But
87%
couldn't
87%
flow
87%
flows
87%
knows
87%
never
87%
not
87%
own
87%
swims
87%
by
85%
coming
85%
feels
85%
grave
85%
once
85%
spec
85%
struggled
85%
weather
85%
beyond
83%
from
83%
let
83%
six
83%
strength,
83%
tries
83%
back
81%
depths
81%
dug
81%
feet
81%
freshly
81%
gather
81%
is
81%
down
79%
met
79%
course
77%
into
77%
looked
77%
soul
77%
Swimming
77%
willing
77%
atmosphere
74%
greater
74%
home
74%
length
74%
loss
74%
wave
74%
each
72%
new
72%
breakers
70%
him
70%
mouth
70%
unemployment
70%
what
70%
house
68%
I've
68%
outer
68%
think
68%
forever
66%
looking
66%
sense
66%
can
64%
cliff
64%
drag
64%
edge
64%
footsteps
64%
full
64%
only
64%
Turning
64%
doorway
62%
forgotten
62%
having
62%
make
62%
remembering
62%
rising
62%
silence
62%
squall
62%
there
62%
Anytime
60%
extent
60%
sharp
60%
long
57%
temporary
57%
unheard
57%
waking
57%
Above
55%
one
55%
up,
55%
sky
53%
term
53%
deepness
51%
walls
51%
find
49%
some
49%
usher
49%
With
49%
stands
47%
Light
43%
Where
43%
air
38%
Would
19%
No matching quizzes found
Score Distribution
Percent of People with Each Score
Percentile by Number Answered
Your Score History
You have not taken this quiz